LEADER 02585oam 2200613I 450 001 9910780804303321 005 20230725041836.0 010 $a1-135-22583-4 010 $a1-135-22584-2 010 $a1-282-44369-0 010 $a9786612443695 010 $a0-203-87029-8 024 7 $a10.4324/9780203870297 035 $a(CKB)2550000000000064 035 $a(EBL)465435 035 $a(OCoLC)501837161 035 $a(SSID)ssj0000397833 035 $a(PQKBManifestationID)11295276 035 $a(PQKBTitleCode)TC0000397833 035 $a(PQKBWorkID)10357622 035 $a(PQKB)10151615 035 $a(MiAaPQ)EBC465435 035 $a(Au-PeEL)EBL465435 035 $a(CaPaEBR)ebr10358693 035 $a(CaONFJC)MIL244369 035 $a(OCoLC)501837161 035 $a(EXLCZ)992550000000000064 100 $a20180706d2010 uy 0 101 0 $aeng 135 $aur|n#|||||||| 181 $ctxt$2rdaconetn 182 $cc$2rdamedia 183 $acr$2rdacarrier 200 10$aOn directing and dramaturgy $eburning the house /$fEugenio Barba ; translated by Judy Barba 210 1$aLondon ;$aNew York :$cRoutledge,$d2010. 215 $a1 online resource (239 pages) 300 $aTranslated from Italian. 311 $a0-415-54921-3 311 $a0-415-54920-5 320 $aIncludes bibliographical references. 327 $aThe empty ritual -- Organic dramaturgy as a level of organisation -- Narrative dramaturgy as a level of organisation -- Evocative dramaturgy as a level of organisation -- Theatre-in-liberty. 330 $a""A theatre which is able to speak to each spectator in a different and penetrating language is not a fantastic idea, nor a utopia. This is the theatre for which many of us, directors and leaders of groups, trained for a long time....."" - from the Introduction. On Directing is Eugenio Barba's unprecedented account of his own life and work. This is a major retrospective of Barba's working methods, his practical techniques, and the life experiences which fed directly into his theatre-making. On Directing is an inspirational resource. It is a dramaturgy of dramaturgies, and a professional autobiog 606 $aTheater$xProduction and direction 606 $aTheater$xPhilosophy 615 0$aTheater$xProduction and direction. 615 0$aTheater$xPhilosophy. 676 $a792.0232 700 $aBarba$b Eugenio.$0220773 801 0$bFlBoTFG 801 1$bFlBoTFG 906 $aBOOK 912 $a9910780804303321 996 $aOn directing and dramaturgy$93701224 997 $aUNINA LEADER 01111nam0 22002891i 450 001 UON00274603 005 20231205103809.721 010 $a96-16-44631-2 100 $a20060317d2003 |0itac50 ba 101 $aslo 102 $aSI 105 $a|||| 1|||| 200 1 $aLo?il bom peno od valov$eroman v treh novelah$fFeri Lain??ek 210 $aLjubljana$c?tudentska zalo?ba$d2003 215 $a317 p.$d21 cm. 316 $aDono Prof.ssa Zabjek$5IT-UONSI SLOVENOAII/0276 620 $aSI$dLubiana$3UONL002905 676 $a891.84$cLetteratura slovena$v21 700 1$aLAIN??EK$bFeri$3UONV124360$0681815 712 $a?tudentska zalo?ba$3UONV269600$4650 790 1$aLAINSCEK, Franc$zLAIN??EK, Feri$3UONV124361 801 $aIT$bSOL$c20240220$gRICA 899 $aSIBA - SISTEMA BIBLIOTECARIO DI ATENEO$2UONSI 912 $aUON00274603 950 $aSIBA - SISTEMA BIBLIOTECARIO DI ATENEO$dSI SLOVENO A II 0276 $eSI EO 37937 5 0276 Dono Prof.ssa Zabjek 996 $aLocil bom peno od valov$91244371 997 $aUNIOR